| 000 | 00950cam a2200301 a 4500 | ||
|---|---|---|---|
| 001 | 12982586 | ||
| 003 | EG-ScBUE | ||
| 005 | 20220214100941.0 | ||
| 008 | 011102s2003 enk f 000 1 eng d | ||
| 020 | _a0330486764 | ||
| 020 | _a9780330486767 | ||
| 040 |
_aDLC _beng _erda _cDLC _dDLC |
||
| 082 | 0 | 4 |
_a823.914 _222 _bLAP |
| 100 | 1 |
_aLa Plante, Lynda, _eauthor. |
|
| 245 | 1 | 0 |
_aRoyal flush / _cLynda La Plante. |
| 264 | 1 |
_aLondon : _bPan Books, _c2003. |
|
| 300 |
_a643 pages ; _c24 cm |
||
| 336 |
_2rdacontent _atext _btxt |
||
| 337 |
_2rdamedia _aunmediated _bn |
||
| 338 |
_2rdacarrier _avolume _bnc |
||
| 650 | 7 |
_aKoh-i-noor (Diamond) _vFiction. _2BUEsh |
|
| 650 | 7 |
_aJewel thieves _vFiction. _2BUEsh |
|
| 651 | 7 |
_aEngland _vFiction. _2BUEsh |
|
| 653 |
_bHHUUEENN _cFebruary2022 |
||
| 655 |
_vReading book _934232 |
||
| 942 |
_2ddc _cBB |
||
| 999 |
_c10796 _d10796 |
||